| 000 | 00711nam a2200217 u 4500 | ||
|---|---|---|---|
| 005 | 20210223133822.0 | ||
| 008 | 190612s2003 r 000 0 eng d | ||
| 020 | _a9703213731 | ||
| 035 | _aUPN01000231206 | ||
| 049 | _aCG | ||
| 050 | 4 |
_aDT30.5 _bA4.4 |
|
| 245 | 0 | 1 |
_a¿Africa hoy? : _bestudios africanos / _cantología de Fabien Adonon Djogbénou. |
| 260 |
_aMéxico : _bUNAM, Facultad de Ciencias Políticas y Sociales, _c2003. |
||
| 300 |
_a318 p. : _bcuadros, tablas |
||
| 440 | 0 |
_aEstudios africanos ; _v3 |
|
| 651 | 4 |
_aAFRICA - _xPOLITICA Y GOBIERNO _92132 |
|
| 651 | 4 |
_aAFRICA - _xRELACIONES EXTERIORES _927630 |
|
| 700 | 1 |
_aDjogbénou, Fabien Adonon, _ecomp. |
|
| 905 | _aLibro | ||
| 999 |
_c203301 _d203301 |
||